00258nam a2200073Ia 4500082001500000245007700015100005100092008004100143 a248.4 MEYE 0aNever give up! : relentless determination to overcome life's challenges  a Meyer, Joyce New York, 2008 1st ed 210817s9999 xx 000 0 und d